[Event "Mittelrhein Regionalliga 16/17"]
[Site "Nordrheinwestfalen"]
[Date "2017.01.08"]
[Round "6.1"]
[White "Roeder, Mathias"]
[Black "Haag, Martin"]
[Result "1/2-1/2"]
[WhiteElo "2368"]
[BlackElo "2227"]
[PlyCount "57"]
[EventDate "2016.09.11"]
[EventType "team-tourn"]
[EventRounds "11"]
[EventCountry "GER"]
[SourceTitle "EXT 2022"]
[Source "ChessBase"]
[SourceDate "2021.10.06"]
[SourceVersion "1"]
[SourceVersionDate "2021.10.06"]
[SourceQuality "1"]
[WhiteTeam "Aachen DJK Aufwärts III"]
[BlackTeam "Bonn Beuel"]
[WhiteTeamCountry "GER"]
[BlackTeamCountry "GER"]

1. Nf3 c5 2. c4 e6 3. g3 Nf6 4. Bg2 d5 5. 0-0 Nc6 6. d4 Be7 7. dxc5 Bxc5 8. a3 0-0 9. b4 Bb6 10. Bb2 Qe7 11. Nbd2 Rd8 12. Qc2 e5 13. b5 Nd4 14. Nxd4 Bxd4 15. Bxd4 exd4 16. cxd5 Bg4 17. Nf3 Rxd5 18. Qb2 Rad8 19. Rfd1 d3 20. Rxd3 Rxd3 21. exd3 Bxf3 22. Bxf3 Rxd3 23. Qe2 Qxe2 24. Bxe2 Rc3 25. Rd1 Kf8 26. Rd8+ Ke7 27. Rb8 Rc7 28. b6 axb6 29. Bf3 1/2-1/2

[Event "Mittelrhein Regionalliga 16/17"]
[Site "Nordrheinwestfalen"]
[Date "2016.11.27"]
[Round "4.1"]
[White "Haag, Martin"]
[Black "Begnis, Nikolaos"]
[Result "1/2-1/2"]
[WhiteElo "2227"]
[BlackElo "2275"]
[PlyCount "50"]
[EventDate "2016.09.11"]
[EventType "team-tourn"]
[EventRounds "11"]
[EventCountry "GER"]
[SourceTitle "EXT 2022"]
[Source "ChessBase"]
[SourceDate "2021.10.06"]
[SourceVersion "1"]
[SourceVersionDate "2021.10.06"]
[SourceQuality "1"]
[WhiteTeam "Bonn Beuel"]
[BlackTeam "Aachen SV II"]
[WhiteTeamCountry "GER"]
[BlackTeamCountry "GER"]

1. c4 e5 2. g3 c6 3. Nf3 e4 4. Nd4 d5 5. cxd5 Qxd5 6. Nc2 Nf6 7. Nc3 Qh5 8. Ne3 Na6 9. Qc2 Qg6 10. Bg2 Nb4 11. Qb1 Bc5 12. Nxe4 Bxe3 13. fxe3 0-0 14. Nxf6+ Qxf6 15. d3 Bg4 16. Bd2 Nd5 17. e4 Nc7 18. Bc3 Qd6 19. Qc2 Ne6 20. 0-0 Qc5+ 21. Kh1 Nd4 22. Qd2 Nxe2 23. Rae1 Qh5 24. Qe3 Nxc3 25. bxc3 c5 1/2-1/2